000 00460nam a2200181Ia 4500
001 5166
005 20260306145848.0
008 260306t2019||||xx |||||||||||||| ||spa||
041 _aESP
082 _a336.3435
_bU831
100 _aUgarteche, Óscar
_eAUT
245 0 _aModernización reformista y deuda externa en el Perú, 1963-1976
260 _c2019
300 _a311 páginas :
_c23 cm.
650 _aGEN
654 _aCAN
942 _cLIB
_dJUS
_fJUS
_2ddc
_n
999 _c5166
_d5166